000 02082cam a2200133 4500500
005 20260222000045.0
041 _afre
042 _adc
100 1 0 _aVermeylen, Jacques
_eauthor
245 0 0 _aLe livre d'Isaïe : Une cathédrale littéraire
260 _bÉditions du Cerf,
_c2014.
520 _aJusqu’ici les lectures d’Isaïe n’avaient été que partielles, soit canonique, soit synchronique et géographique. En voici pour la première fois la lecture complète, récapitulative, synthétique, mais aussi novatrice par le panorama sans égal qu’elle offre enfin. Il fallait toute la science exégétique et le talent pédagogique de Jacques Vermeylen pour nous faire redécouvrir le plus fameux et le plus méconnu des livres prophétiques, souvent jugé à tort comme désordonné, contradictoire, hétérogène. Tout au contraire, Vermeylen, fort des dernières recherches, explore ici une compréhension renouvelée et totale d’Isaïe. Partant de la structure interne du texte, il en réinterprète l’unité intrinsèque et apporte des réponses insoupçonnées aux interrogations récurrentes sur le fait de savoir qui était le prophète Isaïe, quelle était son activité dans le cadre agité du royaume de Juda au VIIIe siècle avant J.-C., quelle a été l’histoire longue et complexe de la formation de ce livre biblique. Événement majeur pour l’exégèse, cet ouvrage n’en constitue pas moins une contribution inspirée et inspirante à la théologie et à la spiritualité. Car la cathédrale littéraire qu’a bâtie Isaïe est avant tout une icône du Royaume de Dieu dont il s’est fait l’annonceur. Le père Jacques Vermeylen, docteur de l’Université catholique de Louvain, est professeur émérite de la faculté de théologie de Lille. Il est l’auteur de plusieurs ouvrages qui ont fait date, dont, aux Éditions du Cerf, Jérusalem, centre du monde (2007) et Psaumes de la Bible, psaumes d’aujourd’hui (2011).
856 4 1 _uhttps://shs.cairn.info/le-livre-disaie--9782204101097?lang=fr&redirect-ssocas=7080
999 _c1662453
_d1662453